मराठी कादंबरीतील शोकांतिका (Record no. 42245)

MARC details
000 -LEADER
fixed length control field 00490nam a2200181Ia 4500
008 - FIXED-LENGTH DATA ELEMENTS--GENERAL INFORMATION
fixed length control field 220531s9999 xx 000 0 und d
041 ## - LANGUAGE CODE
Language code of text/sound track or separate title mar
082 ## - DEWEY DECIMAL CLASSIFICATION NUMBER
Item number NAG
100 ## - MAIN ENTRY--PERSONAL NAME
Personal name नगरकर, संजय
9 (RLIN) 76032
245 ## - TITLE STATEMENT
Title मराठी कादंबरीतील शोकांतिका
250 ## - EDITION STATEMENT
Edition statement 1ST
260 ## - PUBLICATION, DISTRIBUTION, ETC. (IMPRINT)
Place of publication, distribution, etc. Pune
Name of publisher, distributor, etc. Snehvardhan
Date of publication, distribution, etc. 2014
300 ## - PHYSICAL DESCRIPTION
Extent 190
542 ## - INFORMATION RELATING TO COPYRIGHT STATUS
Copyright holder 14-08-2018
650 ## - SUBJECT ADDED ENTRY--TOPICAL TERM
Topical term or geographic name as entry element Marathi
9 (RLIN) 76033
906 ## - LOCAL DATA ELEMENT F, LDF (RLIN)
d 2018-2019
f 12887
Holdings
Withdrawn status Lost status Source of classification or shelving scheme Damaged status Not for loan Collection code Home library Current library Date acquired Vendor Cost, normal purchase price Total Checkouts Total Holds Full call number Barcode Date last seen Cost, replacement price Bill Date Koha item type Original Barcode
    Dewey Decimal Classification       Shri Siddhivinayak Mahila Mahavidyalaya Shri Siddhivinayak Mahila Mahavidyalaya 14/08/2018 Central Institute of Indian language 190.00   1 /NAG/B/25952 SSMM-BK-25952 06/08/2022 190.00 06/08/2022 Books 010025952